[Event "HUN-ch rapid"]
[Site "Ajka"]
[Date "2018.07.20"]
[Round "2"]
[White "Vass, Viktor"]
[Black "Balog, Imre1111"]
[Result "0-1"]
[WhiteElo "2262"]
[BlackElo "2540"]
[PlyCount "34"]
[EventDate "2018.07.20"]
[EventType "swiss (rapid)"]
[EventRounds "13"]
[EventCountry "HUN"]
[SourceTitle "CBM 185 Extra"]
[Source "ChessBase"]
[SourceDate "2018.07.29"]
[SourceVersion "1"]
[SourceVersionDate "2018.07.29"]
[SourceQuality "1"]

1. e4 e6 2. d4 d5 3. Nd2 Nc6 4. c3 e5 5. dxe5 Nxe5 6. f4 Ng4 7. Qa4+ Bd7 8. Qd4 dxe4 9. Nxe4 Bc6 10. h3 Qxd4 11. cxd4 N4h6 12. Ng3 0-0-0 13. N1e2 Ne7 14. Bd2 Nhf5 15. Nxf5 Nxf5 16. Bc3 Be7 17. Kf2 Bh4+ 0-1

[Event "HUN-chT2 Szechenyi 1718"]
[Site "Hungary"]
[Date "2017.12.03"]
[Round "3.7"]
[White "Bakos, Balazs1111"]
[Black "Vass, Viktor"]
[Result "1/2-1/2"]
[WhiteElo "1795"]
[BlackElo "2274"]
[PlyCount "88"]
[EventDate "2017.10.29"]
[EventType "team-tourn"]
[EventRounds "9"]
[EventCountry "HUN"]
[SourceTitle "EXT 2021"]
[Source "ChessBase"]
[SourceDate "2020.10.23"]
[SourceVersion "1"]
[SourceVersionDate "2020.10.23"]
[SourceQuality "1"]
[WhiteTeam "Tapolca VSE II"]
[BlackTeam "Ajka Banyasz"]
[WhiteTeamCountry "HUN"]
[BlackTeamCountry "HUN"]

1. e4 e5 2. Nf3 Nc6 3. d4 exd4 4. Nxd4 Bc5 5. Nb3 Bb6 6. Nc3 Qf6 7. Qe2 Nge7 8. Be3 0-0 9. 0-0-0 d6 10. f3 Be6 11. g4 Ne5 12. Bxb6 axb6 13. Bg2 Nc4 14. Nd4 Qg5+ 15. Kb1 Qc5 16. Nb3 Qe5 17. Qf2 Na3+ 18. Kc1 Ng6 19. Qd4 Qf4+ 20. Qd2 Nc4 21. Qxf4 Nxf4 22. Bf1 Ne5 23. Nd2 c6 24. a4 d5 25. b3 Nxf3 26. h3 dxe4 27. Ndxe4 Rfd8 28. Bc4 Bxc4 29. bxc4 Ne5 30. c5 bxc5 31. Nxc5 b6 32. N5e4 Kf8 33. Rdf1 Ne6 34. Rf5 f6 35. Rhf1 Ke8 36. g5 Nd4 37. R5f2 f5 38. Ng3 g6 39. Re1 Ra5 40. Nb5 cxb5 41. Rxe5+ Kf7 42. axb5 Rxb5 43. Rxb5 Nxb5 44. Nxf5 Ke6 1/2-1/2

[Event "HUN-chT2 Szechenyi 1617"]
[Site "Hungary"]
[Date "2017.04.09"]
[Round "11.8"]
[White "Vass, Viktor"]
[Black "Olah, Jozsef"]
[Result "1-0"]
[WhiteElo "2269"]
[BlackElo "1920"]
[PlyCount "73"]
[EventDate "2016.09.25"]
[EventType "team-tourn"]
[EventRounds "11"]
[EventCountry "HUN"]
[SourceTitle "EXT 2021"]
[Source "ChessBase"]
[SourceDate "2020.10.23"]
[SourceVersion "1"]
[SourceVersionDate "2020.10.23"]
[SourceQuality "1"]
[WhiteTeam "Ajka Banyasz"]
[BlackTeam "Haladas Szombathely III"]
[WhiteTeamCountry "HUN"]
[BlackTeamCountry "HUN"]

1. e4 e6 2. d4 d5 3. Nd2 c5 4. dxc5 Bxc5 5. Nb3 Bb6 6. e5 Qh4 7. Qf3 Nc6 8. Bf4 Bd7 9. g3 Qd8 10. h4 Nb4 11. Qc3 a5 12. Qd2 Rc8 13. c3 Nc6 14. Nf3 f5 15. h5 Nge7 16. a4 Ba7 17. Bb5 0-0 18. h6 g6 19. Rd1 Nb8 20. Nfd4 Kf7 21. Bxd7 Nxd7 22. Nb5 Bb8 23. Qe2 Rc4 24. N3d4 Nc6 25. b3 Nxd4 26. Rxd4 Rxd4 27. cxd4 Qe7 28. Qd2 Qd8 29. Ke2 Rg8 30. Bg5 Qb6 31. Rc1 Qa6 32. Qb2 b6 33. Qa3 Re8 34. Rc6 Qb7 35. Nd6+ Bxd6 36. Qxd6 Qa6+ 37. Kd2 1-0

[Event "HUN-chT2 Charousek 1213"]
[Site "Hungary"]
[Date "2012.10.07"]
[Round "2"]
[White "Vass, Viktor"]
[Black "Orgovan, Sandor"]
[Result "1/2-1/2"]
[WhiteElo "2253"]
[BlackElo "2206"]
[PlyCount "21"]
[EventDate "2012.09.16"]
[EventType "team-tourn"]
[EventRounds "11"]
[EventCountry "HUN"]
[SourceTitle "EXT 2014"]
[Source "ChessBase"]
[SourceDate "2013.11.20"]
[SourceVersion "1"]
[SourceVersionDate "2013.11.20"]
[SourceQuality "1"]
[WhiteTeam "Penzugyor II"]
[BlackTeam "MLTC II"]
[WhiteTeamCountry "HUN"]
[BlackTeamCountry "HUN"]

1. e4 c5 2. Nf3 d6 3. d4 cxd4 4. Nxd4 Nf6 5. Nc3 a6 6. Be2 e6 7. a4 Nc6 8. 0-0 Be7 9. f4 Qc7 10. Be3 0-0 11. Qe1 1/2-1/2

[Event "HUN-chT2 Charousek 1112"]
[Site "Hungary"]
[Date "2011.09.25"]
[Round "1"]
[White "Vass, Viktor"]
[Black "Toth, Gergely"]
[Result "1-0"]
[WhiteElo "2268"]
[BlackElo "2195"]
[PlyCount "127"]
[EventDate "2011.09.25"]
[EventType "team-tourn"]
[EventRounds "11"]
[EventCountry "HUN"]
[SourceTitle "EXT 2013"]
[Source "ChessBase"]
[SourceDate "2012.11.22"]
[SourceVersion "1"]
[SourceVersionDate "2012.11.22"]
[SourceQuality "1"]
[WhiteTeam "Penzugyor II"]
[BlackTeam "Paks II"]
[WhiteTeamCountry "HUN"]
[BlackTeamCountry "HUN"]

1. e4 c5 2. Nf3 d6 3. d4 cxd4 4. Nxd4 Nf6 5. Nc3 g6 6. Be2 Bg7 7. h3 0-0 8. 0-0 b6 9. f4 Bb7 10. Bf3 Na6 11. Re1 Rc8 12. Ndb5 Nd7 13. Be3 Nc7 14. a4 a6 15. Nd4 Nc5 16. Bf2 N7e6 17. Bg4 Qc7 18. Nd5 Bxd5 19. exd5 Nxd4 20. Bxc8 Nxc2 21. Qxc2 Rxc8 22. Rac1 a5 23. Re2 Qb7 24. Qc4 Rc7 25. Qb5 Bf6 26. Rd2 Kf8 27. b4 Ne4 28. Rdc2 Rxc2 29. Rxc2 Nxf2 30. Qc6 Qb8 31. Qd7 Nxh3+ 32. gxh3 Bd4+ 33. Kg2 Bc5 34. bxc5 bxc5 35. Qb5 Qa8 36. Qc6 Qb8 37. Qb5 Qa8 38. Rd2 h5 39. Kf2 h4 40. Qd3 Qb7 41. Qc3 Kg8 42. Rb2 Qa8 43. Rb5 Kh7 44. Qd2 Qc8 45. Qd3 c4 46. Qe3 Qf5 47. Rb7 c3 48. Rxe7 c2 49. Rc7 Qxd5 50. Rxc2 Qh1 51. Rc7 Qh2+ 52. Ke1 Qh1+ 53. Kd2 Qd5+ 54. Qd3 Qa2+ 55. Ke3 Qe6+ 56. Kf2 Qf6 57. Kf3 Qe6 58. f5 gxf5 59. Qc4 Kg6 60. Qxe6+ fxe6 61. Rc6 Kf6 62. Rxd6 Ke5 63. Rd8 Kf6 64. Ra8 1-0

[Event "Budapest-chT1 Lilienthal 1011"]
[Site "Budapest"]
[Date "2011.03.20"]
[Round "11"]
[White "Nagy, Ervin"]
[Black "Vass, Viktor"]
[Result "1-0"]
[WhiteElo "2269"]
[BlackElo "2246"]
[PlyCount "71"]
[EventDate "2010.09.19"]
[EventType "team-tourn"]
[EventRounds "11"]
[EventCountry "HUN"]
[SourceTitle "EXT 2020"]
[Source "ChessBase"]
[SourceDate "2019.10.17"]
[SourceVersion "1"]
[SourceVersionDate "2019.10.17"]
[SourceQuality "1"]
[WhiteTeam "Budapest Honved III"]
[BlackTeam "Penzugyor III"]
[WhiteTeamCountry "HUN"]
[BlackTeamCountry "HUN"]

1. Nf3 d5 2. c4 e6 3. b3 Be7 4. Bb2 Bf6 5. Nc3 Ne7 6. g3 0-0 7. Bg2 c6 8. 0-0 Ng6 9. d4 Qb6 10. Qc2 Rd8 11. Rfd1 a5 12. e4 dxc4 13. bxc4 Na6 14. e5 Be7 15. a3 Nc7 16. Rd2 Qa6 17. h4 b5 18. h5 Nf8 19. Bf1 bxc4 20. Ne4 Nd5 21. Bxc4 Qb6 22. Ne1 Ba6 23. Bxa6 Qxa6 24. Nd3 Nd7 25. Rc1 Rdc8 26. Qd1 Rab8 27. Ndc5 Nxc5 28. dxc5 a4 29. Nd6 Rd8 30. Qg4 Qa5 31. Rcc2 Rb3 32. Rxd5 exd5 33. Nf5 Kf8 34. Qxg7+ Ke8 35. Nd6+ Kd7 36. e6+ 1-0

[Event "Budapest-chT1 Lilienthal 1011"]
[Site "Budapest"]
[Date "2011.01.23"]
[Round "7"]
[White "Vass, Viktor"]
[Black "Csapo, Zoltan"]
[Result "1-0"]
[WhiteElo "2246"]
[BlackElo "2129"]
[PlyCount "73"]
[EventDate "2010.09.19"]
[EventType "team-tourn"]
[EventRounds "11"]
[EventCountry "HUN"]
[SourceTitle "EXT 2020"]
[Source "ChessBase"]
[SourceDate "2019.10.17"]
[SourceVersion "1"]
[SourceVersionDate "2019.10.17"]
[SourceQuality "1"]
[WhiteTeam "Penzugyor III"]
[BlackTeam "Vizugy II"]
[WhiteTeamCountry "HUN"]
[BlackTeamCountry "HUN"]

1. e4 e5 2. Nf3 Nc6 3. Bb5 Nge7 4. 0-0 Ng6 5. d4 exd4 6. Nxd4 Bc5 7. Nb3 Be7 8. Nc3 0-0 9. Nd5 d6 10. f4 f5 11. Bd3 a5 12. a4 Nb4 13. Nxb4 axb4 14. Qh5 fxe4 15. Bxe4 Rf6 16. f5 Nf8 17. Bg5 d5 18. Bxf6 Bxf6 19. Bf3 c6 20. a5 Bd7 21. Rad1 Be8 22. Qg4 Qd6 23. Rfe1 Bf7 24. Qh3 Bxb2 25. Bh5 Qf6 26. Bxf7+ Qxf7 27. Qh4 Bc3 28. Re7 Qxf5 29. Nd4 Qf6 30. Qxf6 gxf6 31. Rxb7 Rxa5 32. Nxc6 Ra2 33. Ne7+ Kh8 34. Rxd5 Rxc2 35. Rd8 Kg7 36. Nd5+ Kg8 37. Nxc3 1-0

[Event "HUN-chT2 Maroczy 1011"]
[Site "Hungary"]
[Date "2010.11.21"]
[Round "6"]
[White "Vass, Viktor"]
[Black "Lorincz, Istvan"]
[Result "1-0"]
[WhiteElo "2246"]
[BlackElo "2265"]
[PlyCount "63"]
[EventDate "2010.09.12"]
[EventType "team-tourn"]
[EventRounds "11"]
[EventCountry "HUN"]
[SourceTitle "EXT 2012"]
[Source "ChessBase"]
[SourceDate "2011.11.24"]
[SourceVersion "1"]
[SourceVersionDate "2011.11.24"]
[SourceQuality "1"]
[WhiteTeam "Penzugyor II"]
[BlackTeam "MLTC II"]
[WhiteTeamCountry "HUN"]
[BlackTeamCountry "HUN"]

1. e4 c6 2. d4 d5 3. e5 Bf5 4. Nf3 e6 5. a3 Nd7 6. Be2 Bg6 7. 0-0 Ne7 8. Nbd2 Nf5 9. Re1 Be7 10. c3 0-0 11. Nf1 a5 12. Ne3 Nh4 13. Nxh4 Bxh4 14. Rf1 c5 15. c4 dxc4 16. Nxc4 Qc7 17. Be3 Be7 18. Rc1 Rfd8 19. Nd6 Qb8 20. Rxc5 Bxd6 21. exd6 Qxd6 22. Rb5 Be4 23. Qd2 b6 24. Bf4 Qe7 25. Qe3 Bc6 26. Rg5 Nf8 27. Rc1 Qd7 28. d5 Bxd5 29. Rc7 Qe8 30. Rxg7+ Kxg7 31. Be5+ Kg8 32. Qh6 1-0

[Event "HUN-chT2 Erkel 0809"]
[Site "Hungary"]
[Date "2009.01.25"]
[Round "6.6"]
[White "Koczka, Zsolt"]
[Black "Vass, Viktor"]
[Result "1-0"]
[WhiteElo "2224"]
[BlackElo "2209"]
[PlyCount "67"]
[EventDate "2008.10.26"]
[EventType "team-tourn"]
[EventRounds "11"]
[EventCountry "HUN"]
[SourceTitle "EXT 2010"]
[Source "ChessBase"]
[SourceDate "2010.11.25"]
[SourceVersion "1"]
[SourceVersionDate "2010.11.25"]
[SourceQuality "1"]
[WhiteTeam "HASE II"]
[BlackTeam "PSE II"]
[WhiteTeamCountry "HUN"]
[BlackTeamCountry "HUN"]

1. d4 d5 2. c4 dxc4 3. e4 e5 4. d5 f5 5. Nc3 Nf6 6. Bxc4 Bd6 7. Bg5 0-0 8. Nge2 f4 9. Qc2 a6 10. f3 b5 11. Bb3 Qe8 12. Bh4 a5 13. a4 b4 14. Nb5 Na6 15. Bf2 Bd7 16. Bc4 Kh8 17. b3 Qb8 18. g3 fxg3 19. hxg3 Qe8 20. Qd3 Bc8 21. Rh4 Qg6 22. 0-0-0 Ng4 23. Bg1 Nh6 24. Kb1 Be7 25. Rh1 Bb7 26. g4 Rad8 27. Ng3 Bg5 28. Nf5 c6 29. Nbd6 Nxf5 30. Nxb7 Ng3 31. Nxd8 Nxh1 32. Ne6 Ra8 33. Bxa6 cxd5 34. Qxd5 1-0

[Event "HUN-chT2 Maroczy 0708"]
[Site "Hungary"]
[Date "2008.04.27"]
[Round "10"]
[White "Bernath, Robert"]
[Black "Vass, Viktor"]
[Result "1-0"]
[WhiteElo "2159"]
[BlackElo "2211"]
[PlyCount "31"]
[EventDate "2007.10.14"]
[EventType "team"]
[EventRounds "11"]
[EventCountry "HUN"]
[SourceTitle "EXT 2009"]
[Source "ChessBase"]
[SourceDate "2008.11.26"]
[SourceVersion "1"]
[SourceVersionDate "2008.11.26"]
[SourceQuality "1"]
[WhiteTeam "Maroczy"]
[BlackTeam "Penzugyor"]
[WhiteTeamCountry "HUN"]
[BlackTeamCountry "HUN"]

1. e4 e5 2. Nf3 Nc6 3. Bc4 Nf6 4. d4 exd4 5. e5 d5 6. Bb5 Ne4 7. Nxd4 Bd7 8. Bxc6 bxc6 9. 0-0 Bc5 10. f3 Ng5 11. f4 Ne6 12. c3 Bb6 13. f5 Nxd4 14. cxd4 c5 15. e6 fxe6 16. Qh5+ 1-0

[Event "HUN-chT2 Breyer 0607"]
[Site "Hungary"]
[Date "2006.11.26"]
[Round "2"]
[White "Hujber, Gyula"]
[Black "Vass, Viktor"]
[Result "0-1"]
[WhiteElo "2098"]
[BlackElo "2192"]
[PlyCount "60"]
[EventDate "2006.11.12"]
[EventType "team"]
[EventRounds "11"]
[EventCountry "HUN"]
[SourceTitle "EXT 2008"]
[Source "ChessBase"]
[SourceDate "2007.11.25"]
[SourceVersion "1"]
[SourceVersionDate "2007.11.25"]
[SourceQuality "1"]
[WhiteTeam "Kiraly Sakk"]
[BlackTeam "Stat PSC II"]
[WhiteTeamCountry "HUN"]
[BlackTeamCountry "HUN"]

1. e4 e5 2. Nf3 Nc6 3. Bc4 Nf6 4. d3 Bc5 5. h3 d6 6. Nc3 a6 7. a3 Ba7 8. Nd5 Nxd5 9. Bxd5 0-0 10. 0-0 Kh8 11. Ng5 Qf6 12. Qh5 h6 13. Nxf7+ Kh7 14. Ng5+ Kh8 15. Nf7+ Kh7 16. g4 Nd4 17. Kg2 c6 18. f4 cxd5 19. fxe5 Qxf1+ 20. Kxf1 Be6 21. Kg2 Bxf7 22. Qh4 Nxc2 23. Rb1 dxe4 24. Bxh6 gxh6 25. g5 Ne3+ 26. Kh2 h5 27. Qxe4+ Bg6 28. Qxb7+ Kh8 29. exd6 Bxd3 30. Re1 Nf1+ 0-1

[Event "HUN-chT2 Erkel 0506"]
[Site "Hungary"]
[Date "2006.02.12"]
[Round "7"]
[White "Gal, Peter1111"]
[Black "Vass, Viktor"]
[Result "1/2-1/2"]
[WhiteElo "2097"]
[BlackElo "2191"]
[PlyCount "52"]
[EventDate "2005.10.16"]
[EventType "team"]
[EventRounds "11"]
[EventCountry "HUN"]
[SourceTitle "EXT 2009"]
[Source "ChessBase"]
[SourceDate "2008.11.26"]
[SourceVersion "1"]
[SourceVersionDate "2008.11.26"]
[SourceQuality "1"]
[WhiteTeam "Fuzesabony"]
[BlackTeam "Stat PSC II"]
[WhiteTeamCountry "HUN"]
[BlackTeamCountry "HUN"]

1. e4 e5 2. Nf3 Nc6 3. Bc4 Nf6 4. Nc3 Nxe4 5. Nxe4 d5 6. Bxd5 Qxd5 7. Nc3 Qd8 8. h3 Bc5 9. d3 0-0 10. Be3 Bd4 11. Qd2 Be6 12. a3 a6 13. Rb1 Qe7 14. 0-0 h6 15. Ne2 Rad8 16. Nfxd4 exd4 17. Bf4 g5 18. Bg3 f5 19. f4 Bd5 20. Rbe1 Qg7 21. Kh2 Rde8 22. Ng1 Ne7 23. Re5 Bc6 24. Nf3 Bxf3 25. Rxf3 g4 26. Rf1 Nc6 1/2-1/2

[Event "HUN-chT2 Erkel 0506"]
[Site "Hungary"]
[Date "2006.01.22"]
[Round "6"]
[White "Vass, Viktor"]
[Black "Potari, Adrian"]
[Result "1/2-1/2"]
[WhiteElo "2191"]
[BlackElo "2006"]
[PlyCount "41"]
[EventDate "2005.10.16"]
[EventType "team"]
[EventRounds "11"]
[EventCountry "HUN"]
[SourceTitle "EXT 2009"]
[Source "ChessBase"]
[SourceDate "2008.11.26"]
[SourceVersion "1"]
[SourceVersionDate "2008.11.26"]
[SourceQuality "1"]
[WhiteTeam "Stat PSC II"]
[BlackTeam "BEAC Rufusz II"]
[WhiteTeamCountry "HUN"]
[BlackTeamCountry "HUN"]

1. e4 c5 2. Nf3 Nc6 3. Nc3 g6 4. d4 cxd4 5. Nxd4 Bg7 6. Be3 Nf6 7. Nb3 0-0 8. Be2 a6 9. a4 d6 10. 0-0 Be6 11. f4 Na5 12. f5 Nxb3 13. cxb3 Bd7 14. Bd4 Bc6 15. Bc4 Rb8 16. a5 Qd7 17. Qd2 Rbd8 18. Rad1 Bb5 19. Bb6 Bxc4 20. bxc4 Qc6 21. e5 1/2-1/2

[Event "HUN-chT2 Erkel 0506"]
[Site "Hungary"]
[Date "2005.12.04"]
[Round "5"]
[White "Telek, Gabor"]
[Black "Vass, Viktor"]
[Result "0-1"]
[WhiteElo "2186"]
[BlackElo "2191"]
[PlyCount "67"]
[EventDate "2005.10.16"]
[EventType "team"]
[EventRounds "11"]
[EventCountry "HUN"]
[SourceTitle "EXT 2009"]
[Source "ChessBase"]
[SourceDate "2008.11.26"]
[SourceVersion "1"]
[SourceVersionDate "2008.11.26"]
[SourceQuality "1"]
[WhiteTeam "Ujszasz"]
[BlackTeam "Stat PSC II"]
[WhiteTeamCountry "HUN"]
[BlackTeamCountry "HUN"]

1. e4 e5 2. Nf3 Nc6 3. Bb5 a6 4. Ba4 Nf6 5. 0-0 b5 6. Bb3 Be7 7. Qe2 0-0 8. c3 d5 9. d3 Bg4 10. Nbd2 d4 11. h3 Be6 12. cxd4 exd4 13. Bxe6 fxe6 14. Ng5 Qd7 15. f4 h6 16. Ngf3 Nh5 17. Nb3 Ng3 18. Qf2 Nxf1 19. Kxf1 a5 20. a3 a4 21. Nbd2 Rxf4 22. Kg1 Raf8 23. Nf1 Rxf3 24. gxf3 Ne5 25. f4 Nxd3 26. Qg3 Nc5 27. e5 Nb3 28. Rb1 Qc6 29. Bd2 Qc2 30. Qe1 Nxd2 31. Nxd2 Rxf4 32. Rc1 Qg6+ 33. Kh2 Bh4 34. Qg1 0-1

[Event "Budapest FS11 IM-B"]
[Site "Budapest"]
[Date "2005.11.15"]
[Round "11"]
[White "Vass, Viktor"]
[Black "Rombaldoni, Denis"]
[Result "1-0"]
[WhiteElo "2193"]
[BlackElo "2316"]
[PlyCount "113"]
[EventDate "2005.11.05"]
[EventType "tourn"]
[EventRounds "13"]
[EventCountry "HUN"]
[EventCategory "1"]
[SourceTitle "EXT 2006"]
[Source "ChessBase"]
[SourceDate "2005.11.24"]
[SourceVersion "1"]
[SourceVersionDate "2005.11.24"]
[SourceQuality "1"]

1. e4 c6 2. d4 d5 3. e5 Bf5 4. Nf3 e6 5. a3 Nd7 6. Be2 Ne7 7. 0-0 Bg6 8. Re1 Nf5 9. Nbd2 Be7 10. Nf1 0-0 11. Ne3 f6 12. Nxf5 Bxf5 13. exf6 Bxf6 14. Bf4 Qb6 15. b4 Rae8 16. Bd6 Rf7 17. Qd2 Be4 18. c3 e5 19. dxe5 Bxe5 20. Bxe5 Nxe5 21. Nd4 Qd8 22. f3 Bg6 23. f4 Nd7 24. Bg4 Rfe7 25. Be6+ Bf7 26. f5 Nf6 27. Qf4 Qc7 28. Qh4 Ne4 29. Re3 Bxe6 30. fxe6 Rxe6 31. Nxe6 Rxe6 32. Rf1 h6 33. Qf4 Qb6 34. Qf7+ Kh7 35. Qf5+ Kh8 36. Qf8+ Kh7 37. Qf5+ Rg6 38. Rff3 Nxc3 39. h4 Ne2+ 40. Kh1 Qd4 41. g3 Qd1+ 42. Rf1 Qxf1+ 43. Qxf1 Nxg3+ 44. Rxg3 Rxg3 45. Qf5+ Kh8 46. Qc8+ Kh7 47. Qxb7 Rxa3 48. Qxc6 Rh3+ 49. Kg2 Rxh4 50. b5 Rh5 51. Qc2+ Kh8 52. Qc7 d4 53. Qxa7 Rg5+ 54. Kf3 Rf5+ 55. Ke2 Re5+ 56. Kd3 Kh7 57. Qxd4 1-0

[Event "Budapest FS11 IM-B"]
[Site "Budapest"]
[Date "2005.11.14"]
[Round "10"]
[White "Wiwe, Andreas"]
[Black "Vass, Viktor"]
[Result "1/2-1/2"]
[WhiteElo "2210"]
[BlackElo "2193"]
[PlyCount "58"]
[EventDate "2005.11.05"]
[EventType "tourn"]
[EventRounds "13"]
[EventCountry "HUN"]
[EventCategory "1"]
[SourceTitle "EXT 2006"]
[Source "ChessBase"]
[SourceDate "2005.11.24"]
[SourceVersion "1"]
[SourceVersionDate "2005.11.24"]
[SourceQuality "1"]

1. e4 e5 2. Nf3 Nc6 3. Bb5 a6 4. Ba4 Nf6 5. 0-0 Be7 6. Re1 b5 7. Bb3 0-0 8. h3 d6 9. c3 Na5 10. Bc2 c5 11. d4 Qc7 12. Nbd2 Nc6 13. d5 Na5 14. Nf1 Bd7 15. b3 Rfc8 16. Ng3 g6 17. Be3 Nb7 18. Nh2 c4 19. b4 a5 20. a3 Nd8 21. f4 exf4 22. Bxf4 Ne8 23. Qd2 f6 24. Nf3 Nf7 25. Rf1 Ng7 26. Nd4 Ra6 27. Nge2 Rca8 28. Rae1 Ne5 29. Bh6 axb4 1/2-1/2

[Event "Budapest FS11 IM-B"]
[Site "Budapest"]
[Date "2005.11.13"]
[Round "9"]
[White "Vass, Viktor"]
[Black "Eperjesi, Laszlo"]
[Result "1/2-1/2"]
[WhiteElo "2193"]
[BlackElo "2252"]
[PlyCount "23"]
[EventDate "2005.11.05"]
[EventType "tourn"]
[EventRounds "13"]
[EventCountry "HUN"]
[EventCategory "1"]
[SourceTitle "EXT 2006"]
[Source "ChessBase"]
[SourceDate "2005.11.24"]
[SourceVersion "1"]
[SourceVersionDate "2005.11.24"]
[SourceQuality "1"]

1. e4 c6 2. d4 d5 3. e5 Bf5 4. Nf3 e6 5. a3 Nd7 6. Be2 Ne7 7. 0-0 Bg6 8. c3 Nf5 9. Re1 Be7 10. Nbd2 0-0 11. Nf1 c5 12. Ne3 1/2-1/2

[Event "HUN-chT2 Erkel 0506"]
[Site "Hungary"]
[Date "2005.11.13"]
[Round "3"]
[White "Vass, Viktor"]
[Black "Kovacs, Jozsef"]
[Result "0-1"]
[WhiteElo "2191"]
[BlackElo "2101"]
[PlyCount "84"]
[EventDate "2005.10.16"]
[EventType "team"]
[EventRounds "11"]
[EventCountry "HUN"]
[SourceTitle "EXT 2009"]
[Source "ChessBase"]
[SourceDate "2008.11.26"]
[SourceVersion "1"]
[SourceVersionDate "2008.11.26"]
[SourceQuality "1"]
[WhiteTeam "Stat PSC II"]
[BlackTeam "Vasarteri"]
[WhiteTeamCountry "HUN"]
[BlackTeamCountry "HUN"]

1. e4 e5 2. Nf3 Nc6 3. Bb5 a6 4. Ba4 Nf6 5. Qe2 Be7 6. 0-0 0-0 7. c3 d6 8. d4 Bg4 9. Rd1 Qc8 10. h3 Bh5 11. Bxc6 bxc6 12. Nbd2 exd4 13. cxd4 Re8 14. Nf1 Bf8 15. Ng3 Bg6 16. e5 Nd5 17. Nh4 Qb7 18. f4 dxe5 19. dxe5 Qb4 20. Nxg6 hxg6 21. Qf3 g5 22. a3 Qb6+ 23. Kh2 Bc5 24. Qg4 Rad8 25. Qxg5 Be7 26. Qg4 Qb3 27. Nf5 g6 28. Nd4 Qc4 29. f5 Kh7 30. f6 Bxf6 31. exf6 Nxf6 32. Qh4+ Nh5 33. Bg5 Rd5 34. Rac1 Qa4 35. b3 Qxa3 36. Re1 Rxe1 37. Rxe1 Qd6+ 38. Kg1 Rxd4 39. Qf2 f6 40. Be3 Re4 41. g4 Nf4 42. Qf3 Qe5 0-1

[Event "Budapest FS10 IM-A"]
[Site "Budapest"]
[Date "2005.10.06"]
[Round "6"]
[White "Varga, Csaba"]
[Black "Vass, Viktor"]
[Result "1/2-1/2"]
[WhiteElo "2279"]
[BlackElo "2193"]
[PlyCount "56"]
[EventDate "2005.10.01"]
[EventType "tourn"]
[EventRounds "11"]
[EventCountry "HUN"]
[EventCategory "1"]
[SourceTitle "CBM 108 Extra"]
[Source "ChessBase"]
[SourceDate "2005.11.04"]
[SourceVersion "1"]
[SourceVersionDate "2005.11.04"]
[SourceQuality "1"]

1. d4 d5 2. c4 dxc4 3. Nf3 a6 4. e3 Bg4 5. Bxc4 e6 6. 0-0 Nf6 7. Nbd2 Nc6 8. h3 Bh5 9. a3 Bd6 10. b4 0-0 11. Bb2 Qe7 12. Qb3 Rad8 13. Rfe1 h6 14. Be2 Bg6 15. Rac1 Nb8 16. Nc4 Nbd7 17. Nfd2 Ne4 18. Nxe4 Bxe4 19. Nd2 Bd5 20. Qc2 f5 21. Bc4 Qg5 22. e4 Bxc4 23. Nxc4 Bf4 24. Rcd1 Nf6 25. exf5 exf5 26. Ne5 Ne4 27. Bc1 Bxc1 28. Rxc1 c6 1/2-1/2

[Event "Balaton Cup"]
[Site "Balaton"]
[Date "2005.08.28"]
[Round "9"]
[White "Vass, Viktor"]
[Black "Szamoskozi, Gabor"]
[Result "1/2-1/2"]
[WhiteElo "2191"]
[BlackElo "2249"]
[PlyCount "29"]
[EventDate "2005.08.22"]
[EventType "swiss"]
[EventRounds "9"]
[EventCountry "HUN"]
[SourceTitle "EXT 2008"]
[Source "ChessBase"]
[SourceDate "2007.11.25"]
[SourceVersion "1"]
[SourceVersionDate "2007.11.25"]
[SourceQuality "1"]

1. e4 c5 2. Nf3 Nc6 3. Nc3 e5 4. g3 Nf6 5. Bg2 Be7 6. 0-0 0-0 7. d3 d6 8. Ne1 Nd4 9. f4 b5 10. h3 b4 11. Ne2 Bb7 12. c4 bxc3 13. bxc3 Nxe2+ 14. Qxe2 a5 15. Nc2 1/2-1/2